000 00423nmm a2200157Ia 4500
008 251105s9999||||xx |||||||||||||||||und||
041 _aspa
100 _aRadclyffe
245 0 _aLas líneas del deseo
264 _a[Madrid, España] :
_bEditorial Egales,
_c2018
300 _a330 páginas
490 _aNarrativa
650 _aErotic novel
856 _uhttps://public.digitaliapublishing.com/a/163266
942 _cCF
999 _c100200
_d100200